Statystyki dla Youtuberzy z Polski w Telewizji Cz.1

Kliknij tutaj aby rozwiązać quiz!

Ogólne statystyki

  • Ten quiz został rozwiązany 303 razy
  • Średni wynik to 10 z 30

Statystyki odpowiedzi

HintOdpowiedź% Poprawnych
TzgGimper
95%
FamiliadaGimper
95%
FamiliadaNaruciak
79%
FamiliadaKolega Ignacy
76%
Głodne KawałkiPoszukiwacz
67%
FamiliadaPoszukiwacz
67%
FamiliadaCyber Marian
55%
Głodne KawałkiCyber Marian
55%
Ameryka ExpressFit Lovers
41%
Agent Gwiazdylittlemooonster96
35%
Tzglittlemooonster96
35%
TzgMagda Bereda
31%
The voice of PolandRezigiusz
30%
Hell's kitchenPiotr Ogiński
26%
Głodne KawałkiPiotr Ogiński
26%
Kuba WojewódzkiAbstrachuje
25%
TzgDamian Kordas
24%
UgotowaniLil Masti
22%
UgotowaniZdvpy
13%
Ugotowaniadbuster
11%
Głodne KawałkiMamiko
10%
Wielki test o internecieMniej Więcej
9%
Agent GwiazdyWiktor Mrozik
8%
UgotowaniMówiąc Inaczej
7%
TzgTamara
7%
UgotowaniMaffashion
4%
Hell's kitchenLetni
3%
TzgQuczaj
3%
Głodne KawałkiTopowa Dycha
2%
Głodne KawałkiWobecobiektywu
1%

Rozkład punktacji

Percentyl według liczby udzielonych odpowiedzi

Procent ludzi z każdym wynikiem

Twoja historia wyników

Nie rozwiązałeś tego quizu